Evanjelická mládež orgán č. II. Sväzu evanjelickej mládeže na Slovensku : príloha časopisov "Nový rod", "Evanjelický posol zpod Tatier", "Stráž na Sione"

Bibliographic Details
Format: Journal
Language:Slovak
PhysicalDescription:6 zv. 29 cm
Published: Bratislava Sväz evanjelickej mládeže na Slovensku 1940-1948
Subjects:

MARC

LEADER 00000cas a2200000 a 4500
001 vtls010301218
003 SK-MaSNL
005 20260228161536.0
008 141121d19401948xo mr p r 0 b0slo
040 |a SNK  |b slo  |c SNK  |e AACR2 
041 0 |a slo 
044 |a xo  |c SK 
072 7 |a 2  |x Náboženstvo  |2 konspekt 
072 7 |a 27-5  |x Kresťanské umenie a symbolika. Duchovný život  |2 konspekt 
080 |a 274/278  |2 2001 
080 |a 050  |2 2001 
080 |a 21/29-1/-9  |2 2001 
245 0 0 |a Evanjelická mládež  |b orgán č. II. Sväzu evanjelickej mládeže na Slovensku : príloha časopisov "Nový rod", "Evanjelický posol zpod Tatier", "Stráž na Sione" 
260 |a Bratislava  |b Sväz evanjelickej mládeže na Slovensku  |c 1940-1948 
300 |a 6 zv.  |c 29 cm 
310 |a 10x ročne 
362 0 |a Roč. I, č. 1 (1.9.1940)-roč. IV, č. 10 (1948) 
500 |a Podnázov od r. 1948: mravno-náboženský časopis evanjelickej mládeže slovenskej 
500 |a Redaktori sa menia 
500 |a Vyd. Sväz evanjelickej mládeže na Slovensku ako prílohu Nového rodu (do 7-8/II); Sväz evanjelickej mládeže na Slovensku v Bratislave (od 9/II) 
500 |a Tlač. Bratia Rázusovci, Lipt. Mikuláš (I. roč.); Kníhtlač. D. Pažického na Myjave (II. roč.); Kníhtlač. Tempo, Böhmer a Štepita, Lipt. Mikuláš (III. roč.); od 1948 Štecko a Trepáč v Ružomberku 
610 2 7 |a Evanjelická cirkev a.v  |2 SNKPH  |9 32425 
650 0 7 |a náboženstvo  |2 SNKPH  |9 2023 
650 0 7 |a duchovný život  |2 SNKPH  |9 1807 
655 7 |a časopisy pre mládež  |2 SNKPH  |9 70792 
655 7 |a náboženské časopisy  |2 SNKPH  |9 70790 
770 0 |t Organizačné zvesti SEM  |w vtls010300334 
772 0 |t Nový rod  |w vtls010301802 
772 0 |t Evanjelický posol zpod Tatier  |x 0139-8768  |w vtls010299697 
772 0 |t Stráž na Sione  |w vtls010302282 
910 |a snk 
916 |a 1943,1944,1948 
958 |a OND 
999 |c 5698  |d 7628 
952 |0 0  |1 0  |4 0  |7 0  |a SNK  |b SNK  |d 2018-04-12  |i snkXI. 3594/55  |l 0  |o snkČSB 323/3/1944 D1  |p 17A1189708  |r 2026-02-21 20:41:29  |t č. 1-6, neúplný  |w 2026-02-21  |y PREZ  |z chába č.: 2 
952 |0 0  |1 0  |4 0  |7 0  |a SNK  |b SNK  |d 2014-11-20  |f 1  |i snk985/50  |l 0  |o snkČSB 323/4/1948  |p 17A0712939  |r 2026-02-21 21:01:01  |t č. 1-10  |w 2026-02-21  |y PREZ 
952 |0 0  |1 0  |4 0  |7 0  |a SNK  |b SNK  |d 2014-11-20  |f 1  |i snk39/43  |l 0  |o snkČSB 323/2/1943  |p 17A0712919  |r 2026-02-21 21:01:03  |t č. 1-10  |w 2026-02-21  |y PREZ 
952 |0 0  |1 0  |4 0  |7 0  |a SNK  |b SNK  |d 2014-11-20  |f 1  |i snk2917/44  |l 0  |o snkČSB 323/3/1944  |p 17A0712911  |r 2026-02-21 21:01:03  |t č. 1-10,neúpl.  |w 2026-02-21  |y PREZ  |z chýba č. 7-10 
952 |0 0  |1 0  |4 0  |7 0  |a SNK  |b SNK  |d 2018-04-12  |l 0  |o snkČSB 323/2/1943 D1  |p 17A1189707  |r 2026-02-21 21:57:06  |t č. 1-10  |w 2026-02-21  |y PREZ  |z č. 1-10